• 首页
  • 本馆介绍
  • 公告通知
  • 最新文献
  • 馆藏检索
  • 电子资源
  • 读者导购
  • 参考咨询
  • 我的图书馆
  • 登录
  • 详细信息显示
  • 放入我的书架
  • 预约/预借图书
  • 作者相关作品
  • 分类相关作品
  • 丛书相关作品
  • 出版社相关作品

书目信息

  • 表格格式
  • 工作单格式
  • 卡片格式
题名:
村镇建设管理
    
 
作者: 胡绍兰 主编
分册:  
出版信息: 北京   中国建材工业出版社  2008.06
页数: 184页
开本: 26cm
丛书名: 新农村规划与建设丛书
单 册:
中图分类: TU982.29
科图分类:
主题词: 乡村建设--管理--中国 , 乡村建设
电子资源:
ISBN: 978-7-80227-331-3
000 00896oam2 2200265 450
001 010800008697
005 20091202091634.46
010    @a978-7-80227-331-3@dCNY22.00
100    @a20080721d2008 em y0chiy0110 ea
101 0  @achi
102    @aCN@b110000
105    @ay z 000yy
106    @ar
200 1  @a村镇建设管理@9cun zhen jian she guan li@f胡绍兰主编
210    @a北京@c中国建材工业出版社@d2008.06
215    @a184页@d26cm
225 2  @a新农村规划与建设丛书
330    @a本书内容包括:村镇建设管理概述、村镇建设目标管理、村镇建设管理的组织与法规、村镇工程建设管理、村镇基础设施管理、村镇房地产管理、村镇环境管理等。
461  0 @12001 @a新农村规划与建设丛书@1701 1@a张国兴@4主编
606 0  @a乡村建设@x管理@y中国
606 0  @a乡村建设
690    @aTU982.29@v4
701  0 @a胡绍兰@9hu shao lan@4主编
801  0 @aCN@bRENTIAN@c20091202
905    @b794236-40@dTU982.29@e454@f5
    
    村镇建设管理/胡绍兰主编.-北京:中国建材工业出版社,2008.06
    184页;26cm.-(新农村规划与建设丛书)
    
    
    ISBN 978-7-80227-331-3:CNY22.00
    本书内容包括:村镇建设管理概述、村镇建设目标管理、村镇建设管理的组织与法规、村镇工程建设管理、村镇基础设施管理、村镇房地产管理、村镇环境管理等。
●
相关链接 在E读中查询图书 在五车中查询图书 在当当中查询图书 在豆瓣中查询图书


正题名:村镇建设管理     索取号:TU982.29/454         预约/预借

序号 登录号 条形码 馆藏地/架位号 状态 备注
1 794236   207942360   第二样本阅览室/ [索取号:TU982.29/454] 在馆    
2 794237   207942379   第三借阅区/ [索取号:TU982.29/454] 在馆    
3 794238   207942388   第三借阅区/ [索取号:TU982.29/454] 在馆    
4 794239   207942397   第三借阅区/ [索取号:TU982.29/454] 在馆    
5 794240   207942404   密集书库-资源管理系/ [索取号:TU982.29/454] 在馆    
唐山师范学院图书馆 欢迎您!
大连网信软件有限公司© 版权所有